banner koha

Physical and morphological characteristics of the first three jets of Pêga jackasses sperm-rich fraction (Registro n. 329661)

MARC details
000 -LÍDER
fixed length control field 04425nab a2200337 i 4500
003 - CÓDIGO MARC DA AGÊNCIA CATALOGADORA
Campo de controle BR-BrBNA
005 - DATA E HORA DA ÚLTIMA ATUALIZAÇÃO
Campo de controle 20250124101228.0
008 - CAMPO DE TAMANHO FIXO
fixed length control field 250124b2016 bl.|r|pooa||| 00| 0 eng |
040 ## - FONTE DA CATALOGAÇÃO
Agência catalogadora BR-BrBNA
Idioma da catalogação eng
072 ## - CATEGORIA AGRIS
Código AGRIS L53
Código do objeto 5100
100 ## - ENTRADA PRINCIPAL - NOME PESSOAL
Nome pessoal Carvalho, L.E.
100 ## - ENTRADA PRINCIPAL - NOME PESSOAL
Nome pessoal Silva, Filho.M.
100 ## - ENTRADA PRINCIPAL - NOME PESSOAL
Nome pessoal Palhares, M.S.
100 ## - ENTRADA PRINCIPAL - NOME PESSOAL
Nome pessoal Sales, A.L.R.
100 ## - ENTRADA PRINCIPAL - NOME PESSOAL
Nome pessoal Gonczarowska, A.T.
100 ## - ENTRADA PRINCIPAL - NOME PESSOAL
Nome pessoal Oliveira, H.N.
100 ## - ENTRADA PRINCIPAL - NOME PESSOAL
Nome pessoal Resende, M.
100 ## - ENTRADA PRINCIPAL - NOME PESSOAL
Nome pessoal Rossi, R.
245 ## - TÍTULO PRINCIPAL
Título principal Physical and morphological characteristics of the first three jets of Pêga jackasses sperm-rich fraction
500 ## - NOTA GERAL
Nota geral <br/>Publicação online; 28 ref.; 5 tables; Summaries (En, Pt)
942 ## - ADDED ENTRY ELEMENTS (KOHA)
Koha item type Analítica
520 ## - NOTA DE RESUMO
Nota de conteúdo <br/><br/><br/>ABSTRACT - The first three jets of the sperm-rich fraction of Pêga jackasses were collected and assessed separately. Five fertile Pêga jackasses were used as semen donors and underwent fractionated semen collection, using an open model artificial vagina. The first three jets of the semen were collected separately and assessed for volume, sperm motility, vigor, concentration/mL of semen, and sperm morphology. These characteristics were compared between first, second and third jets and between jackasses. It was observed that the jet volume differed (P<0.05) between jackasses, although it was similar (P>0.05) between first, second and third jets. Sperm motility did not differ (P>0.05) between jets and jackasses. Vigor was similar (P>0.05) between jets of the same jackass, and only the first jet differed (P<0.05) between jackasses. The first, second and third jets of the sperm-rich fraction had decreased sperm concentrations (P<0.05) of 955.56, 725.56 and 280.56x 106 sperm/mL of semen, respectively. Sperm morphology differed between the first three jets only for the incidence of mid-piece defect, higher in the third one (4.26%), compared to the first (3.36%) and second (3.38%) ones. When comparing the morphological characteristics of the sperm-rich fraction between five jackasses, regardless of the jet, there were differences in the percentage of normal sperm, proximal cytoplasmic droplet, mid-piece and head defects.<br/><br/><br/>Keywords: jackass, fractionated ejaculate, jets, sperm-rich fraction
520 ## - NOTA DE RESUMO
Nota de conteúdo <br/><br/><br/>RESUMO - Objetivou-se, no presente experimento, caracterizar os três primeiros jatos da fração rica do ejaculado de jumentos da raça Pêga. Para tal, cinco jumentos foram submetidos à coleta fracionada do sêmen, utilizando-se vagina artificial modelo aberta. Os três primeiros jatos da fração rica do ejaculado foram coletados separadamente e avaliados quanto ao volume, à motilidade e ao vigor espermáticos, à concentração espermática/mL de sêmen e à morfologia espermática. Comparações foram realizadas entre jatos e entre jumentos. Observou-se que o volume do jato diferiu (P<0,05) entre os jumentos, embora fosse similar (P>0,05) entre os jatos. A motilidade espermática não diferiu (P>0,05) entre jatos nem entre jumentos. O vigor espermático foi similar (P>0,05) entre os jatos de um mesmo jumento, e apenas o vigor do jato 1 diferiu (P<0,05) entre os jumentos. Independentemente do jumento, a fração rica do ejaculado foi composta por três jatos apresentando concentrações espermáticas decrescentes (P<0,05), com 955,56; 725,56 e 280,56 x 106 espermatozoides/mL de sêmen. A morfologia espermática diferiu entre os três jatos avaliados apenas para a incidência de defeitos de peça intermediária, sendo maior no jato três (4,26%), em relação aos jatos um (3,36%) e dois (3,38%). Comparando-se as características morfológicas do sêmen entre os cinco jumentos avaliados, independentemente do jato, observaram-se diferenças entre os reprodutores quanto ao percentual de espermatozoides normais, com gota citoplasmática proximal, com defeitos de peça intermediária e de cabeça.<br/><br/><br/>Palavras-chave: jumento, coleta fracionada, jatos, fração rica
650 ## - ASSUNTO - THESAGRO
Cabeçalho tópico ou nome geográfico JUMENTO
650 ## - ASSUNTO - THESAGRO
Cabeçalho tópico ou nome geográfico REPRODUÇÃO ANIMAL
650 ## - ASSUNTO - THESAGRO
Cabeçalho tópico ou nome geográfico SÊMEN
650 ## - ASSUNTO - THESAGRO
Cabeçalho tópico ou nome geográfico EJACULAÇÃO
773 0# - ENTRADA ANALÍTICA
Host Biblionumber 1643
Registro do item 348075
Imprenta Belo Horizonte-MG Universidade Federal de Minas Gerais - Escola de Veterinaria 1983
Outro identificador 2025-0570
Título Arquivo Brasileiro de Medicina Veterinária e Zootecnia (Brazil)
ISSN 0102-0935
Colação v. 68(4) p. 845-852; (2016)
Número de controle de registro BR2024004523
856 ## - ACESSO E ENDEREÇO ELETRÔNICO
Identificador uniforme de recurso - URI https://www.scielo.br/j/abmvz/a/wwKXj7G3zftBnyM6YYJKXts/?format=pdf&lang=en

Nenhum exemplar disponível.

BINAGRI

Telefone: (61)3218-2567/2388/3357/2097 - binagri@agro.gov.br

Ministério da Agricultura e Pecuária , Esplanada dos Ministérios, Bloco D, Anexo B, Brasília/DF, CEP: 70.043-900